00567nam a2200193Ia 4500008004100000020000700041082001200048100001600060245002500076250000800101260003000109300002900139500001900168600003300187650001600220942000700236952011500243999001500358240925s9999 xx 000 0 und d aNA a512 YUS aYusuf, S.M. 0aMathematical Methods a2nd aLahore:bIslamiatc,1996. axix,778p.bN.AfOriginal aIncludes Index aHumanities & Natural Science aMathematics cBK 001040708HUMaUITUbUITUd2004-08-20eF.B.Cg175.00l0o512 YUSpQ5752r2024-09-25 07:13:57w2024-09-25yBK c8251d8251